00382 a2200109 4500001001000000005001700010008004100027245008400068100001900152773008400171999001700255ART_5215620260410162046.0260409a 10aMoratoria ampliada. Obligaciones impositivas, de la seguridad social y aduanera1 aBaldo, Alberto0 tImpuestosgAmpliación de la moratoria fiscal - Nº 83/1 (sep. 2020)wREV45175 c35319d35319